[Event "Voronezh op-B 23rd"]
[Site "Voronezh"]
[Date "2019.06.20"]
[Round "9"]
[White "Abramov, Ilya1111"]
[Black "Chernov, Vladimir S"]
[Result "1/2-1/2"]
[WhiteElo "2098"]
[BlackElo "1999"]
[PlyCount "142"]
[EventDate "2019.06.12"]
[EventType "swiss"]
[EventRounds "9"]
[EventCountry "RUS"]
[SourceTitle "CBM 191 Extra"]
[Source "ChessBase"]
[SourceDate "2019.09.30"]
[SourceVersion "1"]
[SourceVersionDate "2019.09.30"]
[SourceQuality "1"]

1. d4 d5 2. c4 c6 3. Nf3 Nf6 4. Nc3 dxc4 5. a4 Bf5 6. e3 e6 7. Bxc4 Bb4 8. 0-0 0-0 9. Ne2 Nbd7 10. Ng3 Bg6 11. Nh4 Qe7 12. Nxg6 hxg6 13. Qc2 c5 14. dxc5 Nxc5 15. e4 e5 16. Bg5 Ne6 17. Bxe6 Qxe6 18. Rac1 Rac8 19. Qd3 Bc5 20. Ne2 Qb6 21. Bxf6 gxf6 22. a5 Qxa5 23. Nc3 Qb6 24. Nd5 Qxb2 25. Rb1 Qd4 26. Qf3 Rc6 27. Rfd1 Qc4 28. Nxf6+ Rxf6 29. Qxf6 Qxe4 30. Re1 Qd5 31. Qxe5 Qxe5 32. Rxe5 b6 33. Kf1 a5 34. Re4 Kg7 35. Ke2 Rd8 36. h4 Bb4 37. Rd1 Rc8 38. g4 Rc2+ 39. Kf3 Bc5 40. Re2 Rc3+ 41. Kg2 a4 42. Rb1 a3 43. Rb5 Rc4 44. Kf3 Rc3+ 45. Kg2 Kf6 46. Rb1 Rc4 47. Kf3 Bd4 48. Rb3 Bc5 49. Rb1 Ra4 50. Rh1 Bd4 51. Ra2 Bb2 52. h5 Kg7 53. hxg6 fxg6 54. Rd1 Rc4 55. Rd3 b5 56. Raxa3 Bxa3 57. Rxa3 b4 58. Ra5 Kf6 59. Rb5 Rc3+ 60. Kg2 Rb3 61. Kh2 Rb2 62. Kg3 b3 63. Kf3 Rb1 64. Kf4 Rf1 65. Rb6+ Kf7 66. f3 g5+ 67. Ke4 Re1+ 68. Kf5 Re3 69. Rb7+ Kf8 70. f4 gxf4 71. Kxf4 Rc3 1/2-1/2

[Event "Voronezh op-B 21st"]
[Site "Voronezh"]
[Date "2017.06.15"]
[Round "4"]
[White "Chernov, Vladimir S"]
[Black "Filippov, Vladimir Mikhailovi"]
[Result "1/2-1/2"]
[WhiteElo "2045"]
[BlackElo "1882"]
[PlyCount "162"]
[EventDate "2017.06.12"]
[EventType "swiss"]
[EventRounds "9"]
[EventCountry "RUS"]
[SourceTitle "CBM 179 Extra"]
[Source "ChessBase"]
[SourceDate "2017.08.23"]
[SourceVersion "1"]
[SourceVersionDate "2017.08.23"]
[SourceQuality "1"]

1. d4 d6 2. Nf3 Nf6 3. c4 Nbd7 4. Bf4 c6 5. Nc3 Qa5 6. Bd2 Qc7 7. e3 e5 8. Bd3 Be7 9. 0-0 Nf8 10. Qc2 Bg4 11. Ne1 Ne6 12. dxe5 dxe5 13. f3 Bh5 14. Bf5 Bg6 15. Ne4 Nxe4 16. Bxe4 0-0 17. Bxg6 hxg6 18. Nd3 Nc5 19. Nxc5 Bxc5 20. b4 Be7 21. Bc3 Rfe8 22. Rad1 Rad8 23. Qe4 Rxd1 24. Rxd1 Rd8 25. Re1 Bf6 26. a3 Qd7 27. Bxe5 Re8 28. f4 Bxe5 29. fxe5 Qe6 30. Rd1 Qxe5 31. Qxe5 Rxe5 32. Rd8+ Kh7 33. Rd7 Rxe3 34. Rxf7 Rxa3 35. Rxb7 Ra2 36. c5 a5 37. Ra7 a4 38. Ra6 a3 39. g4 Ra1+ 40. Kg2 a2 41. h4 Kg8 42. Ra7 Kf8 43. Kh2 Ke8 44. Kg2 Kd8 45. Kh2 Kc8 46. Kg2 Kb8 47. Ra5 Kb7 48. Kh2 Kb8 49. Kg2 Kc8 50. Ra7 Kd8 51. Kh2 Ke8 52. Kg2 Kf8 53. Kh2 Kg8 54. Kg2 Rb1 55. Rxa2 Rxb4 56. Ra6 Rxg4+ 57. Kh3 Rc4 58. Rxc6 Kf7 59. Rc7+ Kf6 60. Rc8 Rc3+ 61. Kg2 Ke7 62. c6 Kd6 63. Rd8+ Kc7 64. Rd7+ Kc8 65. Rxg7 Rxc6 66. Kg3 Kd8 67. Kg4 Ke8 68. Kg5 Kf8 69. Ra7 Rb6 70. Kh6 Rb4 71. Kg5 Rb6 72. Rd7 Ra6 73. Rd4 Kg7 74. Rd7+ Kf8 75. Rh7 Kg8 76. Rb7 Kf8 77. Rb4 Kg7 78. Rb5 Rc6 79. Rb7+ Kf8 80. Kh6 Rc4 81. Kxg6 Rxh4 1/2-1/2

[Event "Voronezh op-B 20th"]
[Site "Voronezh"]
[Date "2016.06.12"]
[Round "1"]
[White "Chernov, Vladimir S"]
[Black "Radzimirskiy, Nikita"]
[Result "1-0"]
[WhiteElo "2004"]
[BlackElo "1664"]
[PlyCount "69"]
[EventDate "2016.06.12"]
[EventType "swiss"]
[EventRounds "9"]
[EventCountry "RUS"]
[SourceTitle "EXT 2017"]
[Source "ChessBase"]
[SourceDate "2016.10.25"]
[SourceVersion "1"]
[SourceVersionDate "2016.10.25"]
[SourceQuality "1"]

1. d4 Nf6 2. c4 g6 3. Nc3 Bg7 4. e4 d6 5. f3 0-0 6. Be3 e5 7. d5 Nh5 8. Qd2 f5 9. 0-0-0 f4 10. Bf2 a6 11. Kb1 Rf7 12. Nge2 Bf8 13. Nc1 Nd7 14. Nd3 Rb8 15. Be2 b6 16. Rc1 Nc5 17. Nxc5 bxc5 18. Bd1 Bd7 19. Bb3 g5 20. g4 Nf6 21. h4 h6 22. Rh3 h5 23. hxg5 hxg4 24. Rhh1 Ne8 25. fxg4 Qxg5 26. Bh4 Qg6 27. Rcg1 Rh7 28. Bd1 Nf6 29. Bxf6 Rxh1 30. Rxh1 Qxf6 31. Qh2 Bg7 32. Qh5 Be8 33. g5 Qg6 34. Qh4 Bd7 35. Bh5 1-0

[Event "Voronezh School Rating"]
[Site "Voronezh"]
[Date "2014.11.27"]
[Round "6.5"]
[White "Cherednichenko, Dmitrij"]
[Black "Chernov, Vladimir S"]
[Result "0-1"]
[WhiteElo "1932"]
[BlackElo "1904"]
[PlyCount "109"]
[EventDate "2014.11.21"]
[EventType "tourn"]
[EventRounds "9"]
[EventCountry "RUS"]
[SourceTitle "EXT 2018"]
[Source "ChessBase"]
[SourceDate "2017.10.13"]
[SourceVersion "1"]
[SourceVersionDate "2017.10.13"]
[SourceQuality "1"]

1. d4 d5 2. c4 c6 3. cxd5 cxd5 4. Nc3 Nf6 5. Bf4 Nc6 6. e3 Bg4 7. f3 Bf5 8. g4 Bd7 9. Bd3 e6 10. Nge2 Be7 11. Kf2 a6 12. h4 Na5 13. b3 b5 14. Rc1 Rc8 15. Ng3 Nc6 16. g5 Ng8 17. Qd2 Qa5 18. Nge2 Ba3 19. Rcg1 Bb4 20. a3 Bxc3 21. Nxc3 Nxd4 22. exd4 Qxc3 23. Qe3 Qb2+ 24. Be2 Ne7 25. Bd6 Nf5 26. Qe5 Nxd6 27. Qxd6 Qxd4+ 28. Kg3 Rc2 29. Qb8+ Rc8 30. Qd6 Rc2 31. Qb8+ Bc8 32. Rc1 Qc5 33. Rxc2 Qxc2 34. Bd3 Qc6 35. Rh2 Ke7 36. Qa7+ Bd7 37. Rc2 Qd6+ 38. f4 h5 39. Rc7 Rd8 40. b4 e5 41. Bf5 exf4+ 42. Kf2 Ke8 43. Bd3 Qe7 44. g6 Qxh4+ 45. Ke2 Qe7+ 46. Kd2 f6 47. a4 Qe3+ 48. Qxe3+ fxe3+ 49. Kxe3 bxa4 50. Bxa6 Rb8 51. b5 a3 52. Rc3 a2 53. Ra3 Bxb5 54. Bxb5+ Rxb5 55. Rxa2 0-1

[Event "Voronezh Region-ch"]
[Site "Voronezh"]
[Date "2009.09.12"]
[Round "2.10"]
[White "Artemov, Nikita"]
[Black "Chernov, Vladimir S"]
[Result "0-1"]
[WhiteElo "1843"]
[BlackElo "2084"]
[PlyCount "70"]
[EventDate "2009.09.11"]
[EventType "swiss"]
[EventRounds "9"]
[EventCountry "RUS"]
[SourceTitle "EXT 2022"]
[Source "ChessBase"]
[SourceDate "2021.10.06"]
[SourceVersion "1"]
[SourceVersionDate "2021.10.06"]
[SourceQuality "1"]

1. e4 c5 2. Nf3 d6 3. d4 cxd4 4. Nxd4 Nf6 5. Nc3 Nc6 6. Bc4 e6 7. Be3 a6 8. f4 Qc7 9. Qe2 b5 10. Bb3 Na5 11. 0-0-0 Nxb3+ 12. axb3 Bb7 13. f5 e5 14. Nd5 Bxd5 15. exd5 exd4 16. Bxd4+ Kd7 17. Rd3 Be7 18. g4 Rhe8 19. Qf3 h6 20. h4 Ne4 21. g5 Rac8 22. Rh2 Qa5 23. c3 Nc5 24. Bxc5 Rxc5 25. f6 gxf6 26. Re2 hxg5 27. hxg5 Rcc8 28. Qf5+ Kc7 29. Rxe7+ Rxe7 30. Qxf6 Kd7 31. Qf5+ Kc7 32. Qf6 Qa1+ 33. Kc2 Re2+ 34. Rd2 Rxd2+ 35. Kxd2 Qxb2+ 0-1